<?xml version="1.0" encoding="utf-8"?>
<?xml-stylesheet type='text/xsl' href='./oai2.xsl'?>
<OAI-PMH xmlns="http://www.openarchives.org/OAI/2.0/" xmlns:xsi="http://www.w3.org/2001/XMLSchema-instance" xsi:schemaLocation="http://www.openarchives.org/OAI/2.0/ http://www.openarchives.org/OAI/2.0/OAI-PMH.xsd">
  <responseDate>2026-06-05T06:53:00Z</responseDate>
  <request verb="GetRecord" metadataPrefix="marcxml" identifier="record_kuniweb_1372273">https://kulturerbe.niedersachsen.de/oai</request>
  <GetRecord>
    <record>
      <header>
        <identifier>record_kuniweb_1372273</identifier>
        <datestamp>2026-03-31T19:09:18Z</datestamp>
        <setSpec>slg0186</setSpec>
      </header>
      <metadata>
        <marc:record xmlns:marc="http://www.loc.gov/MARC21/slim" xsi:schemaLocation="http://www.loc.gov/MARC21/slim http://www.loc.gov/standards/marcxml/schema/MARC21slim.xsd">
          <marc:leader>12345nrm  22     uu 4500</marc:leader>
          <marc:controlfield tag="001">1372273</marc:controlfield>
          <marc:controlfield tag="003">http://kuniweb.gbv.de</marc:controlfield>
          <marc:controlfield tag="005">2023-08-22T13:23:07</marc:controlfield>
          <marc:controlfield tag="008">|           ||||||||||||||||||||||</marc:controlfield>
          <marc:datafield tag="245" ind1="1" ind2="0">
            <marc:subfield code="a">Deckel zur Terrine</marc:subfield>
          </marc:datafield>
          <marc:datafield tag="710" ind1="2" ind2=" ">
            <marc:subfield code="a">Fayence-Manufaktur Braunschweig</marc:subfield>
            <marc:subfield code="e">HerstellerIn</marc:subfield>
          </marc:datafield>
          <marc:datafield tag="655" ind1=" " ind2="7">
            <marc:subfield code="a">Kunsthandwerk</marc:subfield>
          </marc:datafield>
          <marc:datafield tag="046" ind1=" " ind2=" ">
            <marc:subfield code="k">1710</marc:subfield>
            <marc:subfield code="k">um 1710 - 1749 (Periode Horn-Hantelmann)</marc:subfield>
            <marc:subfield code="l">1749</marc:subfield>
          </marc:datafield>
          <marc:datafield tag="260" ind1=" " ind2=" ">
            <marc:subfield code="g">1710</marc:subfield>
            <marc:subfield code="g">1749</marc:subfield>
            <marc:subfield code="g">um 1710 - 1749 (Periode Horn-Hantelmann)</marc:subfield>
          </marc:datafield>
          <marc:datafield tag="300" ind1=" " ind2=" ">
            <marc:subfield code="a">Höhe: 24,6 cm (Gesamtmaß der Terrine mit Deckel)
Tiefe: 23,3 cm (Gesamtmaß der Terrine mit Deckel)
Breite: 38 cm (Gesamtmaß der Terrine mit Deckel)</marc:subfield>
          </marc:datafield>
          <marc:datafield tag="520" ind1=" " ind2=" ">
            <marc:subfield code="a">Gerippter, steil ansteigender Ovaldeckel mit gerundeter Kante und beinahe flacher Oberseite. Im Zentrum dient eine nackte, nur durch ein Tuch bedeckte, lagernde Figur (Putto?) als Griff.
Der untere Rand des Deckels ist durch eine breite gemalte Bordüre mit Feldern geschmückt, die abwechselnd Bäume und Blatt- bzw. Blütenwerk zeigen, während darüber feine Blattmalerei, alles in Blau, befindlich ist. Auch die Figur ist partiell in Blau gefasst. (Städtisches Museum Braunschweig)

Veröffentlicht in:
G. Spies, „Braunschweiger Fayencen“. Klinkhardt &amp; Biermann, Braunschweig, 1971. (S. 314, Abb. 60.)

Veröffentlicht in:
„"Glückwunsch, Carl!" : Luxus aus Braunschweig ; [Katalog anlässlich der Ausstellung "Glückwunsch Carl! - Luxus aus Braunschweig" im Städtischen Museum Braunschweig vom 20. Juni - 6. Oktober 2013]. Luxus aus Braunschweig“. Städtisches Museum, Braunschweig, 2013. (S. 39, Nr. 34.)</marc:subfield>
          </marc:datafield>
          <marc:datafield tag="650" ind1="1" ind2=" ">
            <marc:subfield code="a">Behältnis, Hülle &gt; Behältnis &gt; Verschluss &gt; Deckel</marc:subfield>
          </marc:datafield>
          <marc:datafield tag="650" ind1="1" ind2=" ">
            <marc:subfield code="a">Gebrauchsgegenstand</marc:subfield>
          </marc:datafield>
          <marc:datafield tag="650" ind1="1" ind2=" ">
            <marc:subfield code="a">Eß- und Serviergeschirr</marc:subfield>
          </marc:datafield>
          <marc:datafield tag="773" ind1="0" ind2=" ">
            <marc:subfield code="t">Sammlung Kunstgewerbe</marc:subfield>
          </marc:datafield>
          <marc:datafield tag="852" ind1=" " ind2=" ">
            <marc:subfield code="a">Städtisches Museum Braunschweig</marc:subfield>
          </marc:datafield>
          <marc:datafield tag="852" ind1=" " ind2=" ">
            <marc:subfield code="a">Braunschweig</marc:subfield>
          </marc:datafield>
          <marc:datafield tag="" ind1=" " ind2=" ">
            <marc:subfield code="a">Namensnennung - Nicht kommerziell - Keine Bearbeitungen 4.0 International (CC BY-NC-ND 4.0)</marc:subfield>
          </marc:datafield>
        </marc:record>
      </metadata>
    </record>
  </GetRecord>
</OAI-PMH>
